000 00553nam a2200181Ia 4500
005 20250508151643.0
008 008 250505s9999 xx 000 0 eng d
037 _aTextual
040 _aFEDL
_beng
_cFEDL
041 _aeng
_2eng
084 _a375, SMI
_qFEDL
100 _aSmith J W Ashley
_9759680
245 0 _aBirth of modern education: The contribution of the dissenting academies 1660-1800
260 _aLondon, UK
_bIndependent Press Ltd.
_c1954
300 _aviii,329p.
942 _cTEXL
_h375, SMI
999 _c1331181
_d1331181